000 00272nam a22001337a 4500
008 180926b xxu||||| |||| 00| 0 eng d
020 _a1881228908
041 _aeng
080 _a004
100 _a28
101 _aSHKI
245 _aRelease 9
_cSTATA
942 _2udc
_cBK
999 _c48510
_d48510